| 000 | 00846nam a2200289 a 4500 | ||
|---|---|---|---|
| 003 | AR-BaBNM | ||
| 005 | 20251128204255.0 | ||
| 008 | 082120s2002 ||||||||||||||000 | spa|| | ||
| 040 | _cAR-BaBNM | ||
| 100 | 1 | _aNicoll, Allardyce | |
| 245 | 0 | 0 |
_aHistoria del teatro mundial _bdesde Esquilo a Anouilh |
| 260 |
_aMadrid _bAguilar _c1964 |
||
| 300 |
_axxiv, 939 p. _bil. |
||
| 490 | 0 | _aBiblioteca cultura e historia | |
| 500 | _aContiene prefacio a la primera edición en p. xi-xiv | ||
| 500 | _aIndice alfabético en p. 869-939 | ||
| 650 | 4 | _aHISTORIA LITERARIA | |
| 650 | 4 | _aTEATRO CLASICO | |
| 650 | 4 | _aTEATRO NACIONAL | |
| 650 | 4 | _aINVESTIGACION LITERARIA | |
| 650 | 4 | _aANALISIS LITERARIO | |
| 653 | _aCRITICA TEATRAL | ||
| 655 | _aLITERATURA | ||
| 700 | 1 |
_aRuiz-Werner, Juan Martín _etraductor |
|
| 942 | _cBK | ||
| 998 | _claura | ||
| 999 |
_c6813 _d6813 |
||